| 000 | 00777pam a2200253 a 4500 | ||
|---|---|---|---|
| 001 | 3787762 | ||
| 003 | BD-DhUL | ||
| 005 | 20161221164930.0 | ||
| 008 | 841009s1985 maua b 001 0 eng | ||
| 010 | _a 84023390 | ||
| 020 |
_a053403277X : _c$29.95 |
||
| 040 |
_aDLC _cDLC _dDLC _dBD-DhUL |
||
| 082 | 0 | 0 |
_a658.4 _bSTM |
| 100 | 1 | _aSteers, Richard M. | |
| 245 | 1 | 0 |
_aManaging effective organizations : _ban introduction / _cRichard M. Steers, Gerardo R. Ungson, Richard T. Mowday. |
| 260 |
_aBoston, Mass. : _bKent Pub. Co., _cc1985. |
||
| 300 |
_axiii, 703 p. : _bill. ; _c25 cm. |
||
| 500 | _aIncludes indexes. | ||
| 504 | _aBibliography: p. [680]-691. | ||
| 650 | 0 | _aManagement. | |
| 700 | 1 | _aUngson, Gerardo R. | |
| 700 | 1 | _aMowday, Richard T. | |
| 942 |
_2ddc _cBK |
||
| 999 |
_c139881 _d139881 |
||